000 00641cam a2200181 a 4500
020 _a9780205547210
020 _a0205547214
050 0 0 _aHM736
_b.B43 2009
100 1 _aBeebe, Steven A.,
_d1950-
245 1 0 _aCommunicating in small groups :
_bprinciples and practices /
_cSteven A. Beebe, John T. Masterson.
250 _aCustom edition.
260 _aBoston, MA [USA] :
_bPearson/Allyn and Bacon,
_cc2009.
300 _axix, 408 p. :
500 _aIncludes bibliographic references and index.
650 _xCommunicating in small groups ;
_xGroup relations training ;
_xSmall groups.
700 1 _aMasterson, John T.,
942 _2lcc
_cGEN
999 _c8027
_d8027